| 000 | 00681nam a22002177a 4500 | ||
|---|---|---|---|
| 999 |
_c9872 _d9872 |
||
| 003 | AR-CdUCM | ||
| 008 | 190328b ||||| |||| 00| 0 spa d | ||
| 040 |
_aMUNICIPALIDAD PROVINCIAL DEL CUSCO _cBIBLIOTECA MUNICIPAL DEL CUSCO |
||
| 082 |
_a294.58 / _bEV96 |
||
| 100 |
_aEvans, Richard _916132 |
||
| 245 | _aKrishnamurti, el profeta de nuestro tiempo / | ||
| 260 |
_aBuenos Aires : _bTor, |
||
| 300 |
_a187 páginas ; _c18.5 cm. |
||
| 650 |
_aKrishnamurti, Jiddu, 1895-1986 _926377 |
||
| 650 |
_aTeosofía _926378 |
||
| 650 |
_aTeósofos indúes _926379 |
||
| 650 |
_aBiografías _9148 |
||
| 700 |
_aLlorente, Máximo _926380 |
||
| 942 |
_2ddc _cLIBROS |
||
| 945 |
_apjha _d2019-05-13 |
||